[Event "DUBAI CUP 2004"]
[Site "Tagaytay, Phil."]
[Date "2004.03.23"]
[Round "1.1"]
[White "Senador, Emmanuel"]
[Black "Situru, Nathanael"]
[Result "0-1"]
[WhiteElo "2453"]
[BlackElo "2375"]
[PlyCount "106"]
[EventDate "2004.03.21"]

1. e4 c5 2. d4 cxd4 3. c3 dxc3 4. Nxc3 e6 5. Nf3 a6 6. Bc4 b5 7. Bb3 Bb7 8. a3
b4 9. axb4 Bxb4 10. Qd4 Nc6 11. Qxg7 Qf6 12. Qxf6 Nxf6 13. Bc2 Ne7 14. Nd2 Rc8
15. O-O Rg8 16. Bd3 Ng6 17. Nf3 Nh5 18. Bxa6 Ra8 19. Nb5 Bxe4 20. Ng5 Bc6 21.
Nd4 Bd5 22. g3 Bc5 23. Be3 Bxd4 24. Bxd4 Ngf4 25. gxf4 Nxf4 26. h4 h6 27. Bc4
Ke7 28. Bxd5 Rxa1 29. Rxa1 Nxd5 30. Kh2 hxg5 31. h5 Nf6 32. h6 Ng4+ 33. Kg2
Nxh6 34. Ra7 Rc8 35. b4 Nf5 36. Bc5+ Ke8 37. Ra2 Rb8 38. Ra4 d6 39. Ba7 Rb7 40.
f3 Kd7 41. Bf2 e5 42. Kf1 Ne7 43. Ke2 Nc6 44. Be1 Ke6 45. Bd2 f6 46. Bc3 Ra7
47. Rxa7 Nxa7 48. Kd3 d5 49. Be1 f5 50. Bd2 f4 51. Be1 Kf5 52. Bf2 Nb5 53. Bc5
g4 0-1

[Event "DUBAI CUP 2004"]
[Site "Tagaytay, Phil."]
[Date "2004.03.23"]
[Round "1.2"]
[White "Halay, Taufik"]
[Black "Nadera, Barlo"]
[Result "1-0"]
[WhiteElo "2212"]
[BlackElo "2390"]
[PlyCount "115"]
[EventDate "2004.03.21"]

1. d4 e6 2. c4 d5 3. Nc3 Nf6 4. Nf3 c6 5. Bg5 h6 6. Bh4 dxc4 7. e4 g5 8. Bg3 b5
9. Be2 Bb7 10. h4 g4 11. Ne5 h5 12. O-O Rg8 13. Qd2 Nbd7 14. Nxd7 Qxd7 15. Qf4
Rg6 16. Rad1 Rd8 17. Rfe1 a6 18. Bf1 Qe7 19. Qe3 Bh6 20. Bf4 Bxf4 21. Qxf4 Nd7
22. Qc7 Nf6 23. Qe5 Kf8 24. g3 Rh6 25. Bg2 Rc8 26. d5 Nd7 27. Qf4 Kg7 28. dxe6
Rxe6 29. Ne2 c5 30. Qf5 Nf6 31. Qg5+ Kh7 32. Qf5+ Kg7 33. Nf4 Re5 34. Nxh5+
Nxh5 35. Qxg4+ Kf8 36. Rd7 Nf6 37. Rxe7 Nxg4 38. Rxb7 Rd8 39. Bf3 Nf6 40. Rb6
Kg7 41. Re2 Re6 42. Rxe6 fxe6 43. e5 Rd1+ 44. Kg2 Nd7 45. g4 Rd4 46. Kg3 b4 47.
Bc6 Nf8 48. h5 Rd3+ 49. Kh4 Rd4 50. Be4 Nd7 51. f4 c3 52. bxc3 bxc3 53. g5 c2
54. h6+ Kh8 55. Bxc2 Rxf4+ 56. Kg3 Rf1 57. Rd2 Nf8 58. Rd8 1-0

[Event "DUBAI CUP 2004"]
[Site "Tagaytay, Phil."]
[Date "2004.03.23"]
[Round "1.3"]
[White "Dimakiling, Oliver"]
[Black "Askali, Nurdin"]
[Result "1-0"]
[WhiteElo "1800"]
[BlackElo "2323"]
[PlyCount "39"]
[EventDate "2004.03.21"]

1. d4 f5 2. g4 d6 3. gxf5 Bxf5 4. Nc3 Nf6 5. Bg2 d5 6. Nxd5 Nxd5 7. e4 Be6 8.
exd5 Bxd5 9. Qh5+ Bf7 10. Qb5+ Nd7 11. Qxb7 Rb8 12. Qxa7 e5 13. Bc6 Bd6 14. Bg5
Qc8 15. dxe5 Bxe5 16. Bxd7+ Kxd7 17. Qa4+ c6 18. O-O-O+ Ke8 19. Re1 Qe6 20. Nf3
1-0

[Event "DUBAI CUP 2004"]
[Site "Tagaytay, Phil."]
[Date "2004.03.23"]
[Round "1.4"]
[White "Tanda, Joni"]
[Black "Panopio Jr, Rodolfo"]
[Result "0-1"]
[WhiteElo "1800"]
[BlackElo "1800"]
[PlyCount "108"]
[EventDate "2004.03.21"]

1. e4 c6 2. d4 d5 3. exd5 cxd5 4. c4 Nf6 5. Nc3 e6 6. Bg5 Be7 7. Nf3 O-O 8. Be2
b6 9. O-O Bb7 10. Rc1 Nbd7 11. Qb3 dxc4 12. Qxc4 Nd5 13. Bd2 N7f6 14. Ne5 Rc8
15. Qa4 Nxc3 16. bxc3 a6 17. Be3 b5 18. Qb3 Bd5 19. c4 bxc4 20. Bxc4 Qa5 21.
Bxd5 Nxd5 22. Nc6 Qa3 23. Nxe7+ Qxe7 24. Rxc8 Rxc8 25. Bc1 h6 26. Ba3 Qg5 27.
Bc5 Rd8 28. Qb7 Nf4 29. Be7 Qd5 30. Qxd5 Rxd5 31. Rd1 Rxd4 32. Rb1 a5 33. g3
Nd5 34. Rb8+ Kh7 35. Bc5 Rc4 36. Rb5 a4 37. a3 Kg6 38. Kg2 Kf5 39. Ra5 g5 40.
Bb4 g4 41. Rxa4 Ke4 42. Ra7 f5 43. Bd6 h5 44. Rh7 Rc2 45. Bf4 e5 46. Bg5 f4 47.
gxf4 Ne3+ 48. Kg3 Nf5+ 49. Kg2 exf4 50. h3 g3 51. Bxf4 Kxf4 52. Rf7 Rxf2+ 53.
Kg1 h4 54. a4 Ke3 0-1

[Event "DUBAI CUP 2004"]
[Site "Tagaytay, Phil."]
[Date "2004.03.23"]
[Round "1.2"]
[White "Moradiabadi, Elshan"]
[Black "Irzhanov, Ruslan"]
[Result "1/2-1/2"]
[WhiteElo "2383"]
[BlackElo "2501"]
[PlyCount "91"]
[EventDate "2004.03.21"]

1. c4 g6 2. g3 Bg7 3. Bg2 Nc6 4. Nc3 e5 5. Rb1 a5 6. a3 Nf6 7. b4 axb4 8. axb4
O-O 9. b5 Nd4 10. e3 Ne6 11. Nge2 d6 12. Bb2 h5 13. h3 Nd7 14. O-O f5 15. Nd5
h4 16. f4 hxg3 17. Qe1 e4 18. Qxg3 Kh7 19. Bxg7 Nxg7 20. Nd4 Nc5 21. Ra1 Rxa1
22. Rxa1 Nce6 23. Nxe6 Bxe6 24. Bf1 c6 25. bxc6 bxc6 26. Nc3 Qe7 27. Rb1 Ra8
28. Be2 Bf7 29. h4 Ne6 30. Kf2 Ra7 31. Rg1 Qf6 32. Rb1 Rd7 33. Rb6 Rc7 34. Rb8
Qe7 35. Qh3 Ng7 36. Qg3 Ne6 37. Qh3 Ng7 38. Qg3 Rb7 39. Rxb7 Qxb7 40. Qg5 Qd7
41. Qf6 Ne8 42. Qg5 Ng7 43. Qf6 Be6 44. Qg5 Qe8 45. Qf6 Qd7 46. Qg5 1/2-1/2

[Event "DUBAI CUP 2004"]
[Site "Tagaytay, Phil."]
[Date "2004.03.23"]
[Round "1.4"]
[White "Roghani, Arash"]
[Black "Serik, Temirbaev"]
[Result "1/2-1/2"]
[WhiteElo "2291"]
[BlackElo "2459"]
[PlyCount "103"]
[EventDate "2004.03.21"]

1. d4 Nf6 2. c4 e6 3. Nc3 Bb4 4. e3 b6 5. Nge2 c5 6. a3 Ba5 7. Rb1 Na6 8. Qa4
Qe7 9. dxc5 Nxc5 10. Qc2 Bxc3+ 11. Nxc3 Bb7 12. f3 d5 13. cxd5 exd5 14. Bb5+
Ncd7 15. O-O O-O 16. Rd1 Ne5 17. Qf2 Rac8 18. Bd2 a6 19. Bf1 Rfe8 20. Re1 b5
21. Ne2 Nd3 22. Qg3 Nxe1 23. Rxe1 Qe5 24. Qxe5 Rxe5 25. Nd4 g6 26. Kf2 Nd7 27.
g4 Ree8 28. Bd3 Nc5 29. Bb1 Ne6 30. b3 Nc5 31. Bc1 Ne6 32. Bb2 Nxd4 33. Bxd4
Re7 34. Ke2 a5 35. Kd2 b4 36. a4 Rec7 37. f4 Rc6 38. h4 Kf8 39. g5 Ke7 40. h5
gxh5 41. Bxh7 Rc3 42. Bf6+ Kf8 43. Bf5 R8c6 44. Rh1 Rxf6 45. gxf6 Rc6 46. Rxh5
Rxf6 47. Rh8+ Ke7 48. Rb8 Bc6 49. Rb6 Rxf5 50. Rxc6 d4 51. Ra6 dxe3+ 52. Kxe3
1/2-1/2

[Event "DUBAI CUP 2004"]
[Site "Tagaytay, Phil."]
[Date "2004.03.23"]
[Round "1.1"]
[White "Murali Krishnan, Thulasiraman"]
[Black "Wong, Zi Jing"]
[Result "0-1"]
[WhiteElo "2319"]
[BlackElo "2339"]
[PlyCount "66"]
[EventDate "2004.03.21"]

1. d4 Nf6 2. c4 c5 3. d5 b5 4. cxb5 a6 5. f3 e6 6. e4 exd5 7. e5 Qe7 8. Qe2 Ng8
9. Nh3 c4 10. Nc3 Bb7 11. Bg5 Qb4 12. a3 Qa5 13. Bd2 Qb6 14. Nf4 Ne7 15. O-O-O
axb5 16. Be3 Qa5 17. Bc5 Na6 18. Bxe7 Bxe7 19. Nfxd5 b4 20. Nxe7 bxc3 21. Nf5
O-O 22. Qe3 cxb2+ 23. Kb1 c3 24. Qg5 c2+ 25. Kxc2 Rfc8+ 26. Kb1 Rc1+ 27. Rxc1
bxc1=Q+ 28. Qxc1 Rb8 29. Ka2 Bd5+ 30. Ka1 Nb4 31. Bc4 Nc2+ 32. Qxc2 Qxa3+ 33.
Ba2 Bxa2 0-1

[Event "DUBAI CUP 2004"]
[Site "Tagaytay, Phil."]
[Date "2004.03.23"]
[Round "1.2"]
[White "Siti, Zulaikha"]
[Black "Mari, Arul"]
[Result "1/2-1/2"]
[WhiteElo "2162"]
[BlackElo "2322"]
[PlyCount "93"]
[EventDate "2004.03.21"]

1. e4 e5 2. Nf3 Nc6 3. Bb5 a6 4. Ba4 Nf6 5. O-O Be7 6. Re1 b5 7. Bb3 d6 8. c3
O-O 9. h3 Na5 10. Bc2 c5 11. d4 Qc7 12. Nbd2 cxd4 13. cxd4 Bb7 14. Nf1 Rac8 15.
Bb1 exd4 16. Nxd4 Rfe8 17. Ng3 d5 18. exd5 Bc5 19. Ne4 Nxe4 20. Bxe4 Qb6 21.
Bd2 Bxd4 22. Bxa5 Bxf2+ 23. Kf1 Qf6 24. Qf3 Qxf3 25. gxf3 Bxe1 26. Rxe1 f5 27.
Bxf5 Bxd5 28. Bxc8 Rxc8 29. Bc3 Bxa2 30. Re7 Bf7 31. Ra7 h6 32. Kf2 Rc6 33. Kg3
Rg6+ 34. Kf4 Bd5 35. h4 Bc4 36. b4 Bf7 37. Bd4 Rd6 38. Ke3 h5 39. Be5 Rc6 40.
Bd4 Re6+ 41. Kf4 Rg6 42. Kf5 Rc6 43. Ra8+ Kh7 44. Ra7 Kg8 45. Ra8+ Kh7 46. Ra7
Kg8 47. Ra8+ 1/2-1/2

[Event "DUBAI CUP 2004"]
[Site "Tagaytay, Phil."]
[Date "2004.03.23"]
[Round "1.3"]
[White "Natarajan, Chandrasekaran"]
[Black "Anas, Nazreen Bakri"]
[Result "1/2-1/2"]
[WhiteElo "2261"]
[BlackElo "2204"]
[PlyCount "42"]
[EventDate "2004.03.21"]

1. d4 d5 2. Nf3 Nf6 3. c3 e6 4. Bg5 Be7 5. Nbd2 Nbd7 6. e3 c5 7. Bd3 O-O 8. O-O
b6 9. Ne5 Nxe5 10. dxe5 Nd7 11. Bxe7 Qxe7 12. f4 f5 13. exf6 Nxf6 14. e4 dxe4
15. Nxe4 Bb7 16. Nxf6+ Rxf6 17. Qe2 Qc7 18. Be4 Raf8 19. g3 Bxe4 20. Qxe4 Qf7
21. Rfe1 Qh5 1/2-1/2

[Event "DUBAI CUP 2004"]
[Site "Tagaytay, Phil."]
[Date "2004.03.23"]
[Round "1.4"]
[White "Fariz, Shafruddin"]
[Black "Lakshiminarayanan, Govindarajan"]
[Result "1/2-1/2"]
[WhiteElo "2043"]
[BlackElo "2009"]
[PlyCount "172"]
[EventDate "2004.03.21"]

1. e4 c5 2. c3 d5 3. exd5 Qxd5 4. d4 Nc6 5. Nf3 Nf6 6. Be2 e6 7. O-O Be7 8. Be3
cxd4 9. cxd4 O-O 10. Nc3 Qa5 11. a3 Nd5 12. Qb3 Qb6 13. Qa2 Nxe3 14. fxe3 Bf6
15. Kh1 Ne7 16. Nd2 Bg5 17. Nc4 Qd8 18. Rad1 Nd5 19. e4 Ne3 20. Nxe3 Bxe3 21.
d5 e5 22. Rd3 Bb6 23. Rdf3 f6 24. Bb5 a6 25. Ba4 Qd6 26. h3 Kh8 27. Ne2 Ba5 28.
b4 Bb6 29. g4 a5 30. b5 Bd7 31. Rc1 Rac8 32. Rcc3 Rxc3 33. Rxc3 Rc8 34. Rxc8+
Bxc8 35. Bb3 h5 36. Qc2 Qc5 37. Qd3 hxg4 38. d6 Qe3 39. Qxe3 Bxe3 40. b6 Bc5
41. Nc3 Bxd6 42. hxg4 Bxg4 43. Bd5 Bc8 44. Nb5 Bc5 45. Na7 Bd7 46. Bxb7 Bxb6
47. Nc6 Bxc6 48. Bxc6 Kh7 49. Kg2 Kg6 50. Bd7 Kg5 51. Kf3 g6 52. a4 Bd4 53. Be8
f5 54. Bc6 Kh4 55. Bd5 Kg5 56. Bc6 Kf6 57. Be8 Bc3 58. Ke3 Be1 59. Kf3 Bh4 60.
Ke3 Bg3 61. Kf3 Bf4 62. Bd7 Ke7 63. Bb5 Bc1 64. Bc6 Kf6 65. Bd7 Kg5 66. Be8 Bf4
67. Bd7 Kf6 68. Bb5 Ke7 69. Bd3 Ke6 70. Bc4+ Kd6 71. Bd3 fxe4+ 72. Kxe4 g5 73.
Be2 Kc5 74. Bd1 Kb4 75. Kf3 Kc3 76. Ke4 Kd2 77. Bg4 Ke1 78. Kf3 Kf1 79. Bh3+
Kg1 80. Bd7 Kh2 81. Be6 Bc1 82. Bf5 Kg1 83. Bd3 Kh2 84. Bf5 Bb2 85. Bg4 Bc1 86.
Bf5 Ba3 1/2-1/2

[Event "DUBAI CUP 2004"]
[Site "Tagaytay, Phil."]
[Date "2004.03.23"]
[Round "1.2"]
[White "Taleb, Moussa"]
[Black "Nolte, Rolando"]
[Result "1/2-1/2"]
[WhiteElo "2389"]
[BlackElo "2459"]
[PlyCount "79"]
[EventDate "2004.03.21"]

1. Nf3 Nf6 2. d4 e6 3. Bg5 c5 4. e3 Be7 5. Nbd2 cxd4 6. exd4 b6 7. c3 Bb7 8.
Bxf6 Bxf6 9. Bd3 O-O 10. Qe2 d6 11. O-O-O Nd7 12. h4 g6 13. h5 Qe7 14. hxg6
hxg6 15. Qe3 Rfd8 16. Rde1 Nf8 17. Bc2 b5 18. g4 Rac8 19. g5 Bg7 20. Kb1 a5 21.
Be4 d5 22. Bd3 b4 23. cxb4 Qxb4 24. Nb3 a4 25. Qd2 Qd6 26. Nc5 Rxc5 27. dxc5
Qxc5 28. Rh4 a3 29. Ne5 axb2 30. Qxb2 Nd7 31. f4 Nxe5 32. fxe5 Ba8 33. Qd4 Rb8+
34. Ka1 Qa5 35. Re2 Qa3 36. Rb2 Rc8 37. Rh1 Qe7 38. Rg1 Qc7 39. Re1 Qa5 40. Qb4
1/2-1/2

[Event "DUBAI CUP 2004"]
[Site "Tagaytay, Phil."]
[Date "2004.03.23"]
[Round "1.3"]
[White "Mayor, Jenny"]
[Black "Nabil, Saleh"]
[Result "0-1"]
[WhiteElo "1800"]
[BlackElo "2349"]
[PlyCount "70"]
[EventDate "2004.03.21"]

1. c4 c6 2. Nf3 Nf6 3. g3 d5 4. cxd5 cxd5 5. d4 Nc6 6. Bg2 Bf5 7. Nc3 e6 8. O-O
Bb4 9. Nh4 Bg4 10. h3 Bh5 11. g4 Bg6 12. Nxg6 hxg6 13. Bf4 Bd6 14. Bg5 Qb6 15.
Bxf6 gxf6 16. e4 dxe4 17. d5 exd5 18. Nxd5 Qd8 19. Qb3 Kf8 20. Rfd1 Kg7 21.
Qxb7 Ne5 22. Nf4 Qc7 23. Qxe4 Rad8 24. Nd5 Qc4 25. Rd4 Qc6 26. Ra4 Qb5 27. Rxa7
Bc5 28. Rc7 Bxf2+ 29. Kh1 Rxd5 30. Rf1 Rd4 31. Qc2 Bh4 32. Rb7 Qa5 33. Qb3 Qd2
34. Re7 Rd3 35. Qe6 Bg5 0-1

[Event "DUBAI CUP 2004"]
[Site "Tagaytay, Phil."]
[Date "2004.03.23"]
[Round "1.4"]
[White "Saeed, Ishaq"]
[Black "Layesa, Gabriel"]
[Result "1/2-1/2"]
[WhiteElo "2081"]
[BlackElo "1800"]
[PlyCount "68"]
[EventDate "2004.03.21"]

1. d4 c5 2. c3 e6 3. e4 cxd4 4. cxd4 d6 5. Nf3 Nf6 6. Nc3 Be7 7. Bd3 Nc6 8. O-O
O-O 9. Bg5 e5 10. dxe5 Nxe5 11. Bc2 Bg4 12. Qe2 Nh5 13. Be3 Rc8 14. Bb3 Bf6 15.
Kh1 Bxf3 16. gxf3 Ng6 17. Nd5 Be5 18. Rg1 Qh4 19. Rg2 Kh8 20. Qd2 Qh3 21. f4
Nh4 22. Rg3 Nxg3+ 23. fxg3 Nf3 24. Qf2 Nxh2 25. Qxh2 Qxh2+ 26. Kxh2 Bxb2 27.
Rd1 b6 28. Ne7 Rce8 29. Nf5 Rxe4 30. Nxd6 Rxe3 31. Nxf7+ Kg8 32. Nh6+ Kh8 33.
Nf7+ Kg8 34. Nh6+ Kh8 1/2-1/2

[Event "DUBAI CUP 2004"]
[Site "Tagaytay, Phil."]
[Date "2004.03.23"]
[Round "1.1"]
[White "Tran, Duc Hoa Khanh"]
[Black "Ali, Alhalila"]
[Result "0-1"]
[WhiteElo "2200"]
[BlackElo "2050"]
[PlyCount "124"]
[EventDate "2004.03.21"]

1. e4 e6 2. d3 b6 3. Nf3 Bb7 4. g3 d5 5. e5 c5 6. Bg2 Nc6 7. O-O Nge7 8. Re1 h6
9. h4 Qc7 10. Nbd2 O-O-O 11. Nb3 d4 12. a4 a5 13. Nbd2 Nd5 14. Qe2 Be7 15. Nc4
Rdg8 16. Bd2 g5 17. h5 Rd8 18. Ra3 Rhg8 19. Nh2 Ba6 20. Ng4 Rh8 21. c3 Kb8 22.
Rb3 Ka7 23. Qf3 Rdf8 24. Na3 Qd7 25. Nb5+ Kb7 26. Qe4 Rd8 27. c4 Ndb4 28. Rc1
Rc8 29. Ra3 Kb8 30. Raa1 Bb7 31. Qe2 Rcf8 32. Rf1 Nd8 33. Bxb4 cxb4 34. Rae1
Bxg2 35. Kxg2 Nb7 36. f3 Nc5 37. Qd1 f5 38. exf6 Bxf6 39. Nf2 Bd8 40. Ne4 Bc7
41. Nxc5 bxc5 42. Qe2 Rf6 43. Qe4 Rhf8 44. b3 R8f7 45. Qg4 Kb7 46. Nxc7 Kxc7
47. Re5 Rf5 48. Qe4 Rxe5 49. Qxe5+ Qd6 50. Qe4 e5 51. Re1 Re7 52. Qf5 Qe6 53.
Qe4 Qc6 54. Qf5 Qe6 55. Qf8 Qd6 56. Re4 Re6 57. Qa8 Kb6 58. Qh8 Kb7 59. Qh7+
Re7 60. Qf5 Kc7 61. Kh3 Qe6 62. Kg4 Kd6 0-1

[Event "DUBAI CUP 2004"]
[Site "Tagaytay, Phil."]
[Date "2004.03.23"]
[Round "1.2"]
[White "Sabri, Abdulmuawla"]
[Black "Nguyen, Hoang Tuan"]
[Result "1-0"]
[WhiteElo "2196"]
[BlackElo "2227"]
[PlyCount "55"]
[EventDate "2004.03.21"]

1. d4 Nf6 2. c4 e6 3. Nf3 d5 4. Bg5 Be7 5. Nc3 O-O 6. e3 Nbd7 7. Rc1 c6 8. Qc2
Re8 9. a3 dxc4 10. Bxc4 Nd5 11. Bxe7 Qxe7 12. O-O N5b6 13. Bd3 h6 14. Kh1 e5
15. dxe5 Nxe5 16. Nxe5 Qxe5 17. e4 Qa5 18. f4 Be6 19. Qe2 Rad8 20. e5 Rd4 21.
Ne4 Red8 22. Nd6 Bc8 23. Qe3 Rd5 24. Qe4 g6 25. Nxf7 Bf5 26. Nxh6+ Kh7 27. Nxf5
Rxd3 28. Ne7 1-0

[Event "DUBAI CUP 2004"]
[Site "Tagaytay, Phil."]
[Date "2004.03.23"]
[Round "1.3"]
[White "To, Quoc Khanh"]
[Black "Faraj, Yahya"]
[Result "1-0"]
[WhiteElo "2302"]
[BlackElo "2221"]
[PlyCount "83"]
[EventDate "2004.03.21"]

1. e4 d6 2. d4 Nf6 3. Nc3 g6 4. f4 Bg7 5. Nf3 c5 6. dxc5 Qa5 7. Bd3 Qxc5 8. Qe2
O-O 9. Be3 Qa5 10. O-O Ng4 11. Bd2 Nc6 12. h3 Nf6 13. Nd5 Qd8 14. Bc3 Nxd5 15.
exd5 Bxc3 16. bxc3 Nb8 17. f5 Nd7 18. Rae1 Nf6 19. c4 Re8 20. Ng5 Bd7 21. Rf3
Kg7 22. Rg3 Nh5 23. Ne6+ fxe6 24. Qxh5 exf5 25. Bxf5 Bxf5 26. Qxf5 Rf8 27. Qg5
Rf7 28. h4 Qb6+ 29. Kh2 Re8 30. h5 Rf6 31. hxg6 h6 32. Qe3 Qa5 33. Rh3 Rxg6 34.
Rg3 Rxg3 35. Qxg3+ Kh8 36. Qe3 Kg7 37. Qg3+ Kh8 38. Qe3 Kg7 39. Qg3+ Kh8 40.
Re3 Qd2 41. Qf4 Qxc2 42. Rh3 1-0

[Event "DUBAI CUP 2004"]
[Site "Tagaytay, Phil."]
[Date "2004.03.23"]
[Round "1.4"]
[White "Hatim, Al-Hadarani"]
[Black "Ton That, Nhu Tung"]
[Result "0-1"]
[WhiteElo "2356"]
[BlackElo "1800"]
[PlyCount "72"]
[EventDate "2004.03.21"]

1. c4 e6 2. g3 f5 3. Bg2 Nf6 4. Nh3 d5 5. cxd5 exd5 6. O-O Bd6 7. d3 O-O 8. Nc3
c6 9. Bf4 Bxf4 10. gxf4 Na6 11. d4 Qb6 12. Rb1 Nc7 13. e3 Nce8 14. Ng5 Nd6 15.
Nf3 Qd8 16. b4 Nfe4 17. Ne2 a5 18. bxa5 Qxa5 19. Ra1 Nc4 20. Ne5 Rf6 21. Nxc4
dxc4 22. Qc2 Be6 23. f3 Nd6 24. e4 Rg6 25. Kh1 Qd8 26. e5 Nb5 27. Rad1 Qh4 28.
a4 Nc7 29. Qb2 b5 30. axb5 Nd5 31. Ra1 Rb8 32. b6 Ne3 33. Ng3 Rh6 34. Bh3 Qxh3
35. b7 Nxf1 36. Ra8 Nxg3+ 0-1

[Event "DUBAI CUP 2004"]
[Site "Tagaytay, Phil."]
[Date "2004.03.23"]
[Round "1.1"]
[White "Borigas, Edwin"]
[Black "Tindall, Brett"]
[Result "0-1"]
[WhiteElo "1800"]
[BlackElo "2286"]
[PlyCount "40"]
[EventDate "2004.03.21"]

1. d4 Nf6 2. c4 c5 3. d5 b5 4. e3 bxc4 5. Bxc4 d6 6. Qc2 Nbd7 7. e4 Nb6 8. Bb5+
Bd7 9. Ba6 Nbxd5 10. Bd2 Qb6 11. Bc4 Nb4 12. Qb3 e6 13. f3 d5 14. exd5 exd5 15.
Be2 c4 16. Qd1 Bc5 17. Kf1 O-O 18. Bg5 Rfe8 19. a3 Nd3 20. b4 Bxg1 0-1

[Event "DUBAI CUP 2004"]
[Site "Tagaytay, Phil."]
[Date "2004.03.23"]
[Round "1.2"]
[White "Jones, Lee"]
[Black "Mohammad, Hossain Anwar"]
[Result "1-0"]
[WhiteElo "2192"]
[BlackElo "1800"]
[PlyCount "103"]
[EventDate "2004.03.21"]

1. d4 d5 2. c4 e6 3. Nc3 Nf6 4. Bg5 Be7 5. e3 c6 6. Qc2 dxc4 7. Bxc4 Nd5 8.
Bxe7 Qxe7 9. Nxd5 exd5 10. Bxd5 Qb4+ 11. Kf1 O-O 12. Be4 h6 13. Nf3 Nd7 14. h4
Nf6 15. Bd3 Qd6 16. Rc1 Re8 17. a3 Bd7 18. Qb3 Rab8 19. Bc4 Be6 20. Bxe6 Rxe6
21. Ne5 Ne4 22. Qc2 Qd5 23. Rh3 c5 24. f3 cxd4 25. Nd3 Nf6 26. e4 Qd8 27. Qa4
Ra6 28. Qb5 Rd6 29. Kf2 a6 30. Qf5 Rc6 31. Rxc6 bxc6 32. e5 Nd5 33. e6 f6 34.
Rg3 Qe7 35. b4 a5 36. bxa5 Qxa3 37. Qg4 Rb7 38. Qxd4 Rb3 39. Qa7 Qe7 40. Qd4
Ra3 41. Rg4 Qxe6 42. Re4 Qf7 43. Nb4 Rxa5 44. Nxc6 Ra2+ 45. Kg1 Rc2 46. Qxd5
Qxd5 47. Ne7+ Kf7 48. Nxd5 Ra2 49. Rb4 h5 50. Rb5 g6 51. Kh2 Ra4 52. Kg3 1-0

[Event "DUBAI CUP 2004"]
[Site "Tagaytay, Phil."]
[Date "2004.03.23"]
[Round "1.3"]
[White "Veldhuis, Tjitte Durk"]
[Black "Jones, Brian"]
[Result "0-1"]
[WhiteElo "1800"]
[BlackElo "2176"]
[PlyCount "92"]
[EventDate "2004.03.21"]

1. e4 g6 2. d4 Bg7 3. f4 d5 4. e5 h5 5. h3 Nh6 6. Bd3 Bf5 7. Be3 c6 8. Nc3 Nd7
9. Nf3 Bxd3 10. Qxd3 Nf5 11. Bf2 h4 12. Ng5 Nf8 13. O-O-O Bh6 14. g4 hxg3 15.
Bxg3 Bxg5 16. fxg5 Ne6 17. Ne2 Nxg5 18. Rdf1 Ne4 19. Be1 Qb6 20. h4 e6 21. Nc3
Qxd4 22. Nxe4 dxe4 23. Qb3 O-O-O 24. Bc3 Qe3+ 25. Kb1 Rxh4 26. Rxh4 Nxh4 27. a4
Nf3 28. Qb4 Qe2 29. Rh1 Rd1+ 30. Rxd1 Qxd1+ 31. Ka2 Qd5+ 32. b3 c5 33. Qb5 Qc6
34. Qf1 a6 35. Qh1 Qe8 36. Qd1 Qd7 37. Qh1 Qd8 38. Kb2 Kb8 39. a5 Ka7 40. b4
cxb4 41. Bxb4 Qd4+ 42. Bc3 Qd5 43. Qh8 e3 44. Qf8 e2 45. Qd6 e1=Q 46. Qb6+ Kb8
0-1

[Event "DUBAI CUP 2004"]
[Site "Tagaytay, Phil."]
[Date "2004.03.23"]
[Round "1.4"]
[White "Rippis, Theos"]
[Black "Yu, Melvin"]
[Result "1/2-1/2"]
[WhiteElo "2083"]
[BlackElo "1800"]
[PlyCount "99"]
[EventDate "2004.03.21"]

1. e4 c6 2. d4 d5 3. exd5 cxd5 4. c4 e6 5. Nc3 Nf6 6. Nf3 Nc6 7. cxd5 Nxd5 8.
Bd3 Bb4 9. Qc2 h6 10. O-O a6 11. a3 Be7 12. Be3 Qc7 13. Nxd5 exd5 14. Ne5 Qb6
15. Nxc6 Qxc6 16. Qxc6+ bxc6 17. Rac1 Bd7 18. Rfe1 O-O 19. Bf4 Bf6 20. Be5 Bxe5
21. Rxe5 Rfe8 22. Rxe8+ Bxe8 23. Bc2 Rc8 24. Ba4 Kf8 25. Rc5 Ke7 26. b4 Bd7 27.
Kf1 Kd6 28. Ra5 Ra8 29. Bc2 Kc7 30. Bd3 Kb6 31. f3 g6 32. Kf2 Bf5 33. Bxf5 gxf5
34. Ke3 Re8+ 35. Kf4 Re2 36. g3 Rxh2 37. Kxf5 h5 38. Rc5 h4 39. gxh4 Rxh4 40.
Ke5 Kc7 41. f4 Rh3 42. Ra5 Re3+ 43. Kf6 Rf3 44. f5 Kb6 45. Ke5 Kb7 46. Kf6 Rf4
47. Ke5 Re4+ 48. Kf6 Rf4 49. Ke5 Rf3 50. Kf6 1/2-1/2

[Event "DUBAI CUP 2004"]
[Site "Tagaytay, Phil."]
[Date "2004.03.23"]
[Round "1.1"]
[White "Al Sayed, Mohamad"]
[Black "Ak Qadre, Pg Mohd Omar"]
[Result "1/2-1/2"]
[WhiteElo "2446"]
[BlackElo "1800"]
[PlyCount "77"]
[EventDate "2004.03.21"]

1. e4 c5 2. Nf3 Nc6 3. Nc3 d6 4. d4 cxd4 5. Nxd4 g6 6. Be3 Bg7 7. Qd2 Nf6 8. f3
O-O 9. Bc4 Bd7 10. O-O-O Qa5 11. Kb1 Rfc8 12. Bb3 Ne5 13. g4 b5 14. h4 b4 15.
Nd5 Nxd5 16. Bxd5 Nc4 17. Bxc4 Rxc4 18. h5 Rac8 19. hxg6 hxg6 20. Qh2 Qe5 21.
Qh7+ Kf8 22. Bh6 Bxh6 23. Qxh6+ Qg7 24. Qe3 e5 25. Nb3 Ke7 26. Qg5+ f6 27. Qd2
R4c6 28. Qxb4 Rb6 29. Qa3 a6 30. Rh2 Qf7 31. Nd2 Be6 32. Nf1 Rcb8 33. c3 f5 34.
gxf5 gxf5 35. Rhd2 fxe4 36. fxe4 Qf3 37. Ka1 Rxb2 38. Qxd6+ Kf6 39. Rxb2
1/2-1/2

[Event "DUBAI CUP 2004"]
[Site "Tagaytay, Phil."]
[Date "2004.03.23"]
[Round "1.2"]
[White "Ak Ahmad, Pg Hj Baharudin"]
[Black "Abdulghafour, Yousef"]
[Result "0-1"]
[WhiteElo "1800"]
[BlackElo "2143"]
[PlyCount "62"]
[EventDate "2004.03.21"]

1. e4 d5 2. exd5 Nf6 3. d4 Nxd5 4. Nf3 c6 5. c4 Nf6 6. Nc3 Bg4 7. Be2 e6 8. h3
Bh5 9. O-O Bd6 10. Ne5 Bxe2 11. Qxe2 Nbd7 12. f4 Qe7 13. Kh1 g6 14. g4 O-O-O
15. c5 Bc7 16. Be3 Nd5 17. Nxd5 exd5 18. b4 f6 19. Nxd7 Qe4+ 20. Qf3 Qxf3+ 21.
Rxf3 Rxd7 22. Re1 Re7 23. f5 g5 24. Rff1 h5 25. Kg2 hxg4 26. hxg4 Rh2+ 27. Kf3
Rh3+ 28. Kf2 Bg3+ 29. Kg2 Bxe1 30. Kxh3 Rxe3+ 31. Kh2 Bxb4 0-1

[Event "DUBAI CUP 2004"]
[Site "Tagaytay, Phil."]
[Date "2004.03.23"]
[Round "1.3"]
[White "Al-Sulaiti, Ghanem"]
[Black "Ak Hadfizon, Pg Mo Omar"]
[Result "1-0"]
[WhiteElo "2065"]
[BlackElo "1800"]
[PlyCount "57"]
[EventDate "2004.03.21"]

1. e4 c5 2. Nf3 Nc6 3. Bb5 g6 4. Bxc6 bxc6 5. O-O Bg7 6. Re1 e5 7. c3 Ne7 8. d4
cxd4 9. cxd4 exd4 10. Nxd4 Qb6 11. Nb3 a5 12. Be3 Qb8 13. Bd4 Bxd4 14. Qxd4 O-O
15. Nc3 d6 16. Rad1 d5 17. Qf6 Qc7 18. exd5 Nxd5 19. Rxd5 a4 20. Nd2 Qb7 21.
Rd8 Be6 22. Rxf8+ Rxf8 23. Nce4 Bxa2 24. Qd4 Rc8 25. Nf6+ Kf8 26. Ne8 f5 27.
Qh8+ Bg8 28. Qf6+ Bf7 29. Qg7# 1-0

[Event "DUBAI CUP 2004"]
[Site "Tagaytay, Phil."]
[Date "2004.03.23"]
[Round "1.4"]
[White "Ameer, Hj Abd Lani"]
[Black "Al-Subie, Saleh"]
[Result "0-1"]
[WhiteElo "1800"]
[BlackElo "1800"]
[PlyCount "60"]
[EventDate "2004.03.21"]

1. e4 e5 2. Nf3 Nc6 3. Bc4 Bc5 4. b4 Bb6 5. b5 Nd4 6. Nxe5 Qg5 7. Qg4 Qxe5 8.
c3 Nc2+ 9. Kf1 Nxa1 10. d4 Qf6 11. Bg5 Qg6 12. h4 h6 13. Qf3 hxg5 14. h5 g4 15.
hxg6 Rxh1+ 16. Ke2 gxf3+ 17. Kxf3 Ne7 18. gxf7+ Kf8 19. Nd2 Ng6 20. g3 Nh8 21.
Kg2 Rh6 22. a4 Nxf7 23. Nf3 Nd6 24. Ne5 Nxe4 25. Bd3 Nxc3 26. Ng6+ Kf7 27. Ne5+
Kg8 28. Bc4+ Kf8 29. Bd3 Bxd4 30. Ng6+ Kf7 0-1

[Event "DUBAI CUP 2004"]
[Site "Tagaytay, Phil."]
[Date "2004.03.23"]
[Round "5.1"]
[White "Liang, Chong"]
[Black "Senador, Emmanuel"]
[Result "1/2-1/2"]
[WhiteElo "2526"]
[BlackElo "2453"]
[PlyCount "80"]
[EventDate "2004.03.21"]

1. d4 Nf6 2. c4 g6 3. Nc3 Bg7 4. e4 d6 5. Nf3 O-O 6. Be2 c5 7. O-O cxd4 8. Nxd4
Nc6 9. Be3 Nxd4 10. Bxd4 Be6 11. Qd2 Qa5 12. Rad1 Rfc8 13. b3 Nd7 14. Nd5 Qd8
15. Qg5 Bxd5 16. Qxd5 Bxd4 17. Qxd4 Qb6 18. Bg4 Qxd4 19. Rxd4 Rc7 20. Bxd7 Rxd7
21. e5 Rad8 22. Rfd1 Kf8 23. Kf1 Ke8 24. exd6 Rxd6 25. Rxd6 exd6 26. g4 Ke7 27.
Ke2 Rc8 28. Kd3 h5 29. gxh5 gxh5 30. Ke3 Rc5 31. Rd4 Re5+ 32. Re4 f5 33. Rxe5+
dxe5 34. b4 Kd6 35. f3 Ke6 36. a3 Kd6 37. Kf2 Ke6 38. Kg3 Kd6 39. Kf2 Ke6 40.
Kg3 Kd6 1/2-1/2